An Analysis of the concept of Islam as "true submission" on the basis of AL-Attas' [sic] approach /
محفوظ في:
| المؤلف الرئيسي: | |
|---|---|
| التنسيق: | أطروحة |
| اللغة: | Arabic English |
| منشور في: |
Kuala Lumpur :
International Institute of Islamic Thought and Civilization (ISTAC),
1998
|
| الموضوعات: | |
| الوصول للمادة أونلاين: | Click here to view 1st 24 pages of the thesis. Members can view fulltext at the specified PCs in the library. |
| الوسوم: |
إضافة وسم
لا توجد وسوم, كن أول من يضع وسما على هذه التسجيلة!
|
| LEADER | 023100000a22004090004500 | ||
|---|---|---|---|
| 001 | 300850 | ||
| 005 | 20230531062659.0 | ||
| 008 | 041007s1998 my g 000 0 ara d | ||
| 035 | |a (Sirsi) 300850 | ||
| 040 | |a UIAM |b eng | ||
| 041 | 0 | |a eng | |
| 043 | |a a-my--- | ||
| 050 | |a BP166.78 | ||
| 100 | 0 | |a Fatimah bt. Abdullah |9 120802 | |
| 245 | 1 | 3 | |a An Analysis of the concept of Islam as "true submission" on the basis of AL-Attas' [sic] approach / |c by Fatimah Bt. Abdullah |
| 260 | |a Kuala Lumpur : |b International Institute of Islamic Thought and Civilization (ISTAC), |c 1998 | ||
| 300 | |a v, 220 lvs ; |c 30 cm. | ||
| 336 | |2 rdacontent | ||
| 337 | |2 rdamedia | ||
| 338 | |2 rdacarrier | ||
| 500 | |a "A dissertation submitted to The International Institute of Islamic Thought and Civilization (ISTAC) in partial fulfillment of the Degree of Doctor Philosophy" -- On t.p. | ||
| 502 | |a Thesis (Ph.D) -- International Institute of Islamic Thought and Civilization (ISTAC), 1998 | ||
| 504 | |a Includes bibliographical references [lv. 208-220] | ||
| 530 | |a Also available on 4 3/4 in. computer optical disc. | ||
| 650 | 0 | |a Iman |9 20564 | |
| 650 | 0 | |a Insan |9 24843 | |
| 650 | 0 | |a Submissiveness |x Religious aspects Islam |9 120803 | |
| 650 | 0 | |a Submissiveness |x Psychological aspects |9 120804 | |
| 710 | 2 | |a International Institute of Islamic Thought and Civilization (Malaysia) |9 2251 | |
| 730 | 3 | |a Analysis of the concept of Islam as "true submission" on the basis of AL-Attas' [sic] approach (Electronic resource) |9 120805 | |
| 856 | 4 | |u https://lib.iium.edu.my/mom/services/mom/document/getFile/5f8LVZM2q4O8aooAkh9cbTqfNADnBnBx20060209093259406 |z Click here to view 1st 24 pages of the thesis. Members can view fulltext at the specified PCs in the library. | |
| 900 | |a hj-his-za-sa | ||
| 942 | |2 lcc |n 0 | ||
| 999 | |c 431959 |d 464144 | ||
| 952 | |0 0 |6 T BP 000166.78 F253A 1998 |7 0 |8 THESES |9 756242 |a SMNAL |b SMNAL |c CLOSEACCES |g 0.00 |o t BP166.78F253A 1998 |p 00000793291 |r 1900-01-02 |t 1 |v 0.00 |y THESIS | ||
| 952 | |0 0 |6 T BP 000166.78 F253A 1998 |7 0 |8 THESES |9 756243 |a IIUM |b IIUM |c MULTIMEDIA |g 0.00 |o t BP166.78F253A 1998 |p 00000567661 |r 2017-10-17 |t 1 |v 0.00 |y THESIS | ||
| 952 | |0 0 |6 TS CDF BP166.78F253A 1998 |7 0 |8 THESES |9 817820 |a IIUM |b IIUM |c MULTIMEDIA |g 0.00 |o ts cdf BP166.78F253A 1998 |p 11100325627 |r 2017-10-26 |t 1 |v 0.00 |y THESISDIG | ||
